| 000 | 00432nam a2200157 i 4500 | ||
|---|---|---|---|
| 001 | 90545 | ||
| 003 | ES-MaACL | ||
| 005 | 20230906180457.0 | ||
| 007 | t| | ||
| 008 | 050121s1958 sp ||||1| spa d | ||
| 100 | 1 |
_aLecanda, Flor de. _971046 |
|
| 245 | 1 | 0 |
_aPétalos / _cFlor de Lecanda. |
| 260 |
_aMadrid : _b[s.n., _c1958] ( _fImp. Ciudad de los Muchachos) |
||
| 300 |
_a74 p. ; _c16 cm. |
||
| 852 |
_aES-MaACL _j1998-F-18 _bR.43069 |
||
| 999 |
_c90545 _d90545 |
||